| 000 | 00514nam a2200157 i 4500 | ||
|---|---|---|---|
| 001 | 100689 | ||
| 003 | ES-MaACL | ||
| 005 | 20230906182727.0 | ||
| 007 | t| | ||
| 008 | 051004s1908 sp ||||1| spa d | ||
| 100 | 1 |
_aMateos y Sotos, Rafael. _978991 |
|
| 245 | 1 | 0 |
_aUn filántropo albacetense _b: treinta y seis mil pesos legados por el Capitán D. Bernabé de Cantos / _cRafael Mateos y Sotos. |
| 260 |
_aAlbacete : _b[s.n.], _c1908 ( _fLa Económica) |
||
| 300 |
_a62 p. ; _c8º. |
||
| 852 |
_aES-MaACL _j1657-F-5 |
||
| 999 |
_c100689 _d100689 |
||